| 000 | 01025nam a2200337 a 4500 | ||
|---|---|---|---|
| 001 | 22729 | ||
| 003 | SK-KTurca | ||
| 005 | 20260421161213.0 | ||
| 008 | 240314s1998 xo aga r yy slo | ||
| 015 | _aSNBA2001/10-03574 | ||
| 020 | _a8085258188 | ||
| 035 | _aSNK000313791 | ||
| 035 | _aurn:nbn:sk:snk-amkj9f | ||
| 035 | _aurn:nbn:sk:snk-am008htr | ||
| 035 | _a86136260-5FA0-4759-B4D7-7C3D43591BCC | ||
| 040 |
_aSNK _bslo _cSNK _eAACR2 |
||
| 041 | 0 | _aslo | |
| 044 |
_axo _cSK |
||
| 080 | _a615.851:159.96(035) | ||
| 080 | _a159.96:537(035) | ||
| 100 | 1 |
_aVičanová, Viera _4aut |
|
| 245 | 1 | 0 |
_aPsychotronická poradňa - (nielen) pre chorých _cViera Vičanová |
| 260 |
_aBratislava _bEuroskop _c1998 |
||
| 300 |
_a285 s. _bfareb. ilustr. _c25 cm |
||
| 500 | _aIlustr. na front. | ||
| 504 | _aAbec. zoz. vybraných liečivých rastlín. Bibliogr. s. 282-283 | ||
| 650 | 0 | 7 |
_apsychotronika _2SNK |
| 655 | 7 |
_apríručky _2SNK |
|
| 942 |
_2ddc _cKLDO _n0 |
||
| 999 |
_c22729 _d22729 |
||